Restitución del solve et repete: no es necesario iniciar una acción de repetición (Registro nro. 19632)
[ vista simple ]
| 000 -LEADER | |
|---|---|
| fixed length control field | 00365 a2200109 4500 |
| 001 - CONTROL NUMBER | |
| control field | ART_37909 |
| 005 - DATE AND TIME OF LATEST TRANSACTION | |
| control field | 20260410161751.0 |
| 008 - FIXED-LENGTH DATA ELEMENTS--GENERAL INFORMATION | |
| fixed length control field | 260409a |
| 100 1# - MAIN ENTRY--PERSONAL NAME | |
| Personal name | Vaquero, Fernando M. |
| 245 10 - TITLE STATEMENT | |
| Title | Restitución del solve et repete: no es necesario iniciar una acción de repetición |
| 773 0# - HOST ITEM ENTRY | |
| Title | Doctrina tributaria |
| Related parts | - Nº 430 (ene. 2016) |
| Record control number | REV4296 |
No hay ítems disponibles.